000 00894nam a2200205Ia 4500
001 823-HAR th ma (12690)
003 IT-MiSPE
008 171229s9999||||xx |||||||||||||| ||und||
040 _aIT-MiSPE
_cIT-MiSPE
041 _aINGLESE
100 _aThomas Hardy
245 4 _aThe Mayor of Casterbtridge
250 _a9a ed.
260 _aNew York
_bBantam
_c1989
300 _a330 p.
_c18 cm
501 _aEdizioni San Paolo srl - Piazza Soncino, 5 - 20092 CINISELLO BALSAMO (MI) (non commercial uses only) ® Copyright 2018
942 _cBK
957 _71
999 _a17446
_bNO
_g Copie: 1
_c352880
_d352880